[Event "CZE-ch U18/U20 sf"]
[Site "Kovarska"]
[Date "2016.11.14"]
[Round "3"]
[White "Caloun, Petr"]
[Black "Simet, Martin"]
[Result "0-1"]
[WhiteElo "1785"]
[BlackElo "2081"]
[PlyCount "88"]
[EventDate "2016.11.13"]
[EventType "swiss"]
[EventRounds "9"]
[EventCountry "CZE"]
[SourceTitle "EXT 2022"]
[Source "ChessBase"]
[SourceDate "2021.10.06"]
[SourceVersion "1"]
[SourceVersionDate "2021.10.06"]
[SourceQuality "1"]

1. e4 e5 2. Nf3 Nc6 3. c3 Be7 4. d4 d6 5. Bb5 Bd7 6. Be3 Nf6 7. Qc2 0-0 8. h3 Nxd4 9. cxd4 Bxb5 10. dxe5 dxe5 11. Nxe5 Bb4+ 12. Bd2 Bd6 13. Nc3 Bxe5 14. Nxb5 Qe8 15. Na3 Nxe4 16. 0-0 Nxd2 17. Qxd2 Qa4 18. Qe2 Rfe8 19. Qc4 Qa5 20. Qc2 Rad8 21. Rfd1 Rxd1+ 22. Rxd1 Bd6 23. g3 Qh5 24. Kg2 h6 25. Nc4 Bc5 26. Rd2 Qg5 27. Qd3 Qe7 28. a3 Qe4+ 29. Qxe4 Rxe4 30. b3 b5 31. Kf3 Re1 32. Ne3 Bxe3 33. fxe3 Ra1 34. Rd5 c6 35. Rc5 Rxa3 36. Rxc6 a5 37. Ra6 Kf8 38. Ke4 Ke7 39. Ra7+ Ke6 40. Ra6+ Kd7 41. Kd5 Rxb3 42. Ra7+ Ke8 43. Ra8+ Ke7 44. Ra7+ Kf6 0-1

[Event "CZE-ch U18/U20 sf"]
[Site "Kovarska"]
[Date "2016.11.13"]
[Round "1"]
[White "Caloun, Petr"]
[Black "Vystrcil, Martin"]
[Result "1-0"]
[WhiteElo "1785"]
[BlackElo "2072"]
[PlyCount "113"]
[EventDate "2016.11.13"]
[EventType "swiss"]
[EventRounds "9"]
[EventCountry "CZE"]
[SourceTitle "EXT 2022"]
[Source "ChessBase"]
[SourceDate "2021.10.06"]
[SourceVersion "1"]
[SourceVersionDate "2021.10.06"]
[SourceQuality "1"]

1. e4 Nf6 2. Nc3 d5 3. exd5 Nxd5 4. Nxd5 Qxd5 5. Nf3 Bg4 6. Be2 e6 7. d3 Bd6 8. Be3 c5 9. Qd2 Nc6 10. h3 Bxf3 11. Bxf3 Qe5 12. c3 Rc8 13. g3 b6 14. 0-0-0 0-0 15. Bf4 Qf6 16. Bxd6 Qxf3 17. Bxf8 Rxf8 18. Qe3 Qd5 19. Qe4 Rd8 20. Qxd5 Rxd5 21. Kc2 f6 22. Rhe1 Kf7 23. Re2 e5 24. Rde1 g5 25. a3 a5 26. Re3 Rd6 27. Kb3 Ne7 28. f4 gxf4 29. gxf4 Ng6 30. fxe5 Nxe5 31. Kc2 b5 32. b4 cxb4 33. axb4 axb4 34. cxb4 Ra6 35. Rxe5 fxe5 36. Rxe5 Rh6 37. Re3 Rh4 38. Kc3 Kf6 39. d4 Rh5 40. Kd3 h6 41. Kc2 Rh4 42. Kc3 Rh5 43. Kd3 Kf7 44. Re5 Rxh3+ 45. Ke4 Rh4+ 46. Kd5 Rf4 47. Kc5 Kf6 48. Rh5 Kg6 49. Rh1 h5 50. d5 Rf5 51. Kc6 Rf4 52. Kxb5 Kf6 53. Rxh5 Kf7 54. Kc5 Rf6 55. d6 Ke8 56. Kc6 Rf8 57. Ra5 1-0